| 000 | 00672nam a22001337a 4500 | ||
|---|---|---|---|
| 040 | _cRUA | ||
| 082 | _aAGR LEN 2020 B1-570 Or. | ||
| 100 | _aLENG CHANTHY ឡេង ចាន់ធី | ||
| 245 | _aEFFECT OF INDOLE BUTHRIC ACID PLANHORMONE GROWTH REGULATORS ON ROOTS PRODUCTION OF ROSE (Rose Kordesii) ឥទ្ធិពលរបស់កម្រិតអរម៉ូន Indole butyric acid ទៅលើការលូតលាស់ឬសដំណាំំផ្កាកូលាប | ||
| 260 |
_aPHNOM PENH _bRUA _c2020 |
||
| 300 |
_aIX.33P _bVII. _c29CM |
||
| 856 | _uhttps://drive.google.com/file/d/1WfnwodR3FPn2ZfmI6JcwGcKhebcs88DI/view?usp=sharing | ||
| 942 | _cAGR | ||
| 999 |
_c22736 _d22736 |
||